| 000 | 01211nam a22002537a 4500 | ||
|---|---|---|---|
| 001 | 121264 | ||
| 008 | 141222s2021 xxk|||||o|||| 00| 0 eng d | ||
| 041 | _aeng | ||
| 110 | _aRoyal Institution of Chartered Surveyors | ||
| 245 |
_aBoundary disputes in England and Wales, _b A clear impartial guide, _cRICS Consumer Guide _h[Electronic resource] |
||
| 260 |
_aLondon, _bRoyal Institution of Chartered Surveyors, _cDecember 2021 |
||
| 300 | _a14p | ||
| 490 | _aRICS Consumer Guide | ||
| 520 | _aThis guide, aimed at home owners, will help them understand the basics of boundaries, and how to avoid some of the potential pitfalls when dealing with them. Discusses shared boundaries, RICS Boundary Disputes Mediation Service, how to find a surveyor to help with a boundary dispute. | ||
| 610 | 0 |
_94900 _aRoyal Institution of Chartered Surveyors |
|
| 650 | _aBoundary Disputes | ||
| 650 | _aNeighbour issues | ||
| 650 | _aBoundaries | ||
| 651 | _aUnited Kingdom | ||
| 690 |
_96221 _aBoundary disputes |
||
| 710 | _aRoyal Institution of Chartered Surveyors | ||
| 856 |
_uhttps://www.ricsfirms.com/media/1283/boundary_disputes-consumer_guide-2021.pdf _zAvailable free on RICS.org |
||
| 942 | _n0 | ||
| 999 |
_c121264 _d121264 |
||